| 000 | 00525nam a22001817a 4500 | ||
|---|---|---|---|
| 003 | OSt | ||
| 005 | 20140310181912.0 | ||
| 008 | 130713t xxu||||| |||| 00| 0 eng d | ||
| 050 |
_aQH 541.2 _b.M478 1998 |
||
| 082 |
_aTR 304.2 _bM12 1998 |
||
| 245 |
_aVisual ecology : earth, justice, people, poverty / _cPeter McCracken. |
||
| 260 |
_aQuezon City : _bClaretian Publications, _cc1998. |
||
| 300 |
_avi, 110p. : _bill. ; _c22 x 21 cm. |
||
| 521 | _aFaculty | ||
| 541 | _j1 | ||
| 562 | _e1 | ||
| 942 |
_2lcc _cBK-TR _kTR |
||
| 999 |
_c6566 _d6566 |
||